El equilibrio en la relacin̤ medico-paciente

Detalles Bibliográficos
Autor principal: Blas Orbǹ, Carmen
Formato: Desconocido
Lenguaje:español
Publicado: Barcelona : Bosch, 2006
Materias:
Acceso en línea:Acceso restringido

MARC

LEADER 00000ny a22000003n 4500
005 20110621110529.0
008 070625s2006 sp s 000 0 spa c
017 |a D.L.B.47990-2006 
020 |a 8476987706 
035 |a 1985 
040 |a BUSC  |d vlex 
040 |a UMA.RE  |d vlex 
080 |a 351.84(460) 
080 |a 614.253(460) 
090 |c 1325  |d 1325 
100 1 |a Blas Orbǹ, Carmen 
245 1 3 |a El equilibrio en la relacin̤ medico-paciente  |h [Recurso electrn̤ico]  |c Carmen Blas Orbǹ 
256 |a Servicio en ln̕ea 
260 |a Barcelona :  |b Bosch,  |c 2006 
300 |a 291 p. ;  |c 24 cm 
504 |a Bibliogr.: p. 285-289 
506 1 |a Contenido solo disponible en los productos indicados  |d vLex Global  |d vLex Global (Academic Edition, excluding Law Schools)  |d vLex Global (U.S. Academic Edition, Law Schools)  |d vLex Global (U.S. Academic Edition, excluding Law Schools)  |d vLex Global (Academic Edition, Law Schools) 
650 0 7 |a Medicina legal  |2 Tesauro vLex 
650 0 7 |a Mďicos  |2 Tesauro vLex 
650 0 7 |a Profesiones liberales  |2 Tesauro vLex 
740 0 |a vLex Libros (Servicios en ln̕ea) 
856 4 0 |u http://vlex.com/source/1985  |z Acceso restringido 
942 |c BOOK